000 00271nam a2200097Ia 4500
008 230907s9999||||xx |||||||||||||| ||und||
082 _a333.79,RES
245 0 _aResearch and technology management in the electricity industry :
300 _aviii, 359 pages :
942 _cBK
999 _c597519
_d597519